| 000 | 01082nam a2200313 i 4500 | ||
|---|---|---|---|
| 001 | 000012865 | ||
| 003 | DO-SdBNP | ||
| 005 | 20251007092945.0 | ||
| 007 | ta | ||
| 008 | 091118s1994 dr 000 f spa d | ||
| 040 |
_aDO-SdBNP _bspa _cBNPHU _erda |
||
| 041 | _aspa | ||
| 082 |
_aRD863.44 _bP349i, 1994 _222 |
||
| 100 | 1 |
_aPeña Nina, Domingo, _d1948- _eautor _4aut. _929740 |
|
| 245 | 1 | 3 |
_aLa incesante agonía del regreso / _cDomingo Peña Nina ; prólogo, corrección y edición Odalís G. Pérez. |
| 250 | _aSegunda edición | ||
| 264 | 1 |
_aSanto Domingo : _bPublicaciones América, _c1994. |
|
| 300 |
_a155 páginas ; _c21 cm. |
||
| 336 |
_atexto _btxt _2rdacontent |
||
| 337 |
_asin mediación _bn _2rdamedia |
||
| 338 |
_avolumen _bnc _2rdacarrier |
||
| 500 | _aIncluye datos biográficos del autor en la contracubierta. | ||
| 590 | _aInventariado, 2020/BT | ||
| 650 | 0 |
_aNovela dominicana _9223 |
|
| 650 | 0 |
_aLiteratura dominicana. _967 |
|
| 700 | 1 | 2 |
_aPérez, Odalís _d1952- _eprologuista _923828 _4pr. |
| 910 | _aValidado. Control de calidad MFF | ||
| 942 |
_2ddc _cLBS1 |
||
| 999 |
_c12513 _d12513 |
||